000 00731nam a2200229Ia 4500
003 GCL
008 140319s9999 xx 000 0 ara d
040 _aGCL /
_cGCL
082 0 4 _a301.29
_bع ق
100 1 _aعلى شلش
245 1 0 _aقضايا عربية فى الثقافة والتاريخ /
_cعلى شلش
260 _a[S.N] :
_bدار سعاد الصباح ،
_c1993
300 _a172 ص
490 _a
650 0 4 _aالعالم العربى
650 0 4 _aالحضارة العربية الاسلامية - المعارف البحرية
650 0 4 _aالتاريخ
650 0 4 _aالطباعة
650 0 4 _aمكتبة الاسكندرية القديمة
650 0 4 _aالدوريات
942 _2ddc
_cBK
999 _c34625
_d34625